000 00280 a2200097 4500
245 0 0 _aObwody drukowane - Systemy siatek PN-92/T-80150 /
_cMP i Handlu.
246 1 3 _aPN-92/T-80150
246 1 3 _a621.3.049.75
260 _aWarszawa :
_bMP i Handlu,
_c1992.
300 _a3 stron ;
_c30 cm.
650 _aPolska norma
999 _c20295
_d20295